Statistics for India, Pakistan or Bangladesh

Click here to take the quiz!

General Stats

  • This quiz has been taken 39 times
  • The average score is 10 of 15

Answer Stats

QuestionAnswer% Correct
It Is the most populated of the threeIndia
97%
Its flag contains the highest number of colours among the threeIndia
89%
Urdu is one of its official languagesPakistan
89%
It doesn’t border ChinaBangladesh
86%
It borders BhutanIndia
80%
It owns Andaman and Nicobar IslandsIndia
77%
It is the most densely populated between the threeBangladesh
71%
There isn’t a major city named HyderabadBangladesh
69%
For most of its course, the Indus flows through itPakistan
69%
Owns half of K2Pakistan
69%
It isn’t in India
60%
In its territory we can find the ancient cities of Harappa and Mohenjo DaroPakistan
49%
HsedalgnabBangladesh
40%
It owns the LaccadivesIndia
40%
It has Gange’s and Brahmaputra’s mouthsBangladesh
29%

Score Distribution

Percentile by Number Answered

Percent of People with Each Score

Your Score History

You have not taken this quiz